00337nam a2200133Ia 45000030006000000080041000060400015000471000021000622450043000832600042001263000006001685460012001740050017001860STCL150530s9999 xx 000 0 und d aSTCLcSTCL aHarrison Hayford aMelvilles Monody Really for Hawthorne? bNorth Western University; U.S.Ac1990 a0 aEnglish20220125171358.0